[Event "Wch U16 Girls"]
[Site "Montesilvano"]
[Date "2023.11.13"]
[Round "1"]
[White "Young, Anna Ovidia"]
[Black "Schebacher, Solene"]
[Result "1/2-1/2"]
[WhiteElo "1502"]
[BlackElo "1859"]
[PlyCount "111"]
[EventDate "2023.11.13"]
[EventType "swiss"]
[EventRounds "11"]
[EventCountry "ITA"]
[SourceTitle "CB48_2023"]
[SourceDate "2023.11.29"]
[SourceVersion "1"]
[SourceVersionDate "2023.11.29"]
[SourceQuality "1"]

1. c4 e5 2. g3 Nf6 3. Bg2 Bc5 4. Nc3 Nc6 5. d3 0-0 6. Nf3 h6 7. 0-0 a5 8. b3 d6 9. Bb2 Re8 10. Qd2 Bg4 11. Rfe1 Nd4 12. Rad1 Qd7 13. Na4 Bb4 14. Bc3 Bxc3 15. Nxc3 Bxf3 16. exf3 Qf5 17. f4 exf4 18. Be4 Nxe4 19. dxe4 Nf3+ 20. Kg2 Nxe1+ 21. Rxe1 f3+ 22. Kh1 Qh3 23. Rg1 Re5 24. g4 Rg5 25. Rg3 Qh4 26. Qf4 h5 27. Rxf3 f6 28. Nd5 Qxg4 29. Qxg4 hxg4 30. Rg3 c6 31. Ne7+ Kf7 32. Nf5 Rd8 33. Ne3 Re8 34. Rxg4 Rxg4 35. Nxg4 Rxe4 36. Ne3 Rd4 37. Kg2 Ke6 38. Kf3 Rd2 39. a3 Rb2 40. b4 axb4 41. axb4 Rxb4 42. h4 b5 43. cxb5 cxb5 44. h5 Rh4 45. Ng2 Rxh5 46. Nf4+ Ke5 47. Nxh5 Kd4 48. Nxg7 Kd3 49. Ne8 b4 50. Nxd6 b3 51. Nb5 b2 52. Na3 Kc3 53. Ke4 Kb3 54. Nb1 Kc2 55. Na3+ Kb3 56. Nb1 1/2-1/2

[Event "Nordic-ch U16 Girls"]
[Site "Oslo"]
[Date "2022.05.14"]
[Round "2"]
[White "Jagare, Hanna"]
[Black "Young, Anna Ovidia"]
[Result "1-0"]
[WhiteElo "1360"]
[BlackElo "1192"]
[PlyCount "107"]
[EventDate "2022.05.13"]
[EventType "swiss"]
[EventRounds "5"]
[EventCountry "NOR"]
[SourceTitle "EXT 2024"]
[Source "ChessBase"]
[SourceDate "2023.10.10"]
[SourceVersion "1"]
[SourceVersionDate "2023.10.10"]
[SourceQuality "1"]

1. c4 c6 2. e4 d5 3. cxd5 cxd5 4. exd5 Qxd5 5. Nc3 Qd8 6. Nf3 Nf6 7. Bc4 Nc6 8. 0-0 e6 9. d4 Be7 10. Qe2 0-0 11. Rd1 Re8 12. d5 exd5 13. Nxd5 Nxd5 14. Bxd5 Qc7 15. Qc4 Rf8 16. Bf4 Qb6 17. Bxc6 bxc6 18. Be5 Be6 19. Qf4 Qb5 20. Nd4 Qc4 21. Rdc1 Qd5 22. Nxc6 Bc5 23. Nd4 Bc8 24. Nb3 Bb6 25. Rc3 f6 26. Bd4 Bb7 27. Rg3 Rf7 28. Bxb6 axb6 29. h3 Rc8 30. Nd4 Rc4 31. Rd1 Rd7 32. Kh2 Rxd4 33. Qe3 Qe4 34. Rxd4 Rxd4 35. Qb3+ Bd5 36. Qxb6 Rb4 37. Qd8+ Kf7 38. Qd7+ Qe7 39. Rxg7+ Kxg7 40. Qxe7+ Kg6 41. Qxb4 Bxa2 42. Qb7 h6 43. b4 Kf5 44. Qe7 Bd5 45. b5 h5 46. h4 Kg6 47. b6 Ba8 48. Qe8+ Kg7 49. Qxa8 f5 50. b7 f4 51. b8Q f3 52. Qf8+ Kg6 53. Qae8+ Kh7 54. Qef7# 1-0